| 000 | 00358nam a2200145Ia 4500 | ||
|---|---|---|---|
| 008 | 150201s2002 xx 000 0 und d | ||
| 082 |
_a576 _bM2002P |
||
| 100 | _aPAREINA,GLINN.A. | ||
| 245 | _aMICROBIOLOGY FOR NURSES | ||
| 250 | _a1ST | ||
| 260 |
_bVORA MEDICAL PUBLICATIONS _aBOMBAY _c2002 |
||
| 300 | _a1-161 | ||
| 650 | _aMICROBIOLOGY | ||
| 942 |
_2ddc _cBK |
||
| 999 |
_c2644 _d2644 |
||